00570nam a22001457a 4500003000400000005001700004008004100021040001400062100002700076245015400103260000900257300003100266500010100297504002600398OSt20171010095435.0120521t xxu||||| |||| 00| 0 eng d aMMSUcULS aCuaresma, Graciela R.  aHypoglycemic efficacy of pandan (Pandamus amaryllifolius roxb.) on hyperglycemic induced guinea pig (cavia porcellus gesner K.)cGraciela R. Cuaresma c2007 axviii, 57 leaves c28 cm.  aThesis (BS Biology) -- Mariano Marcos State University-College of Arts and Sciences, Batac City  aBibliography: leaf 39